Riadenie inovačných procesov
Recenzia na monografiu, ktorá poskytuje komplexný súbor poznatkov z oblasti tvorby nových podnikateľských príležitostí a nových produktov.
Uložené v:
| Hlavný autor: | |
|---|---|
| Médium: | Kapitola |
| Jazyk: | Slovak |
| Predmet: | |
| Tagy: |
Žiadne tagy, Buďte prvý, kto otaguje tento záznam!
|
MARC
| LEADER | 00000naa a2200000 4500 | ||
|---|---|---|---|
| 001 | 0205751 | ||
| 005 | 20240502073426.9 | ||
| 041 | 0 | |a slo | |
| 044 | |a SK | ||
| 245 | 1 | 0 | |a Riadenie inovačných procesov |c Alica Lacková |
| 520 | |a Recenzia na monografiu, ktorá poskytuje komplexný súbor poznatkov z oblasti tvorby nových podnikateľských príležitostí a nových produktov. | ||
| 610 | 2 | 0 | |a stratégia inovačná |
| 610 | 2 | 0 | |a recenzie |
| 610 | 2 | 0 | |a riadenie strategické |
| 610 | 2 | 0 | |a procesy podnikové |
| 610 | 2 | 0 | |a prostredie podnikateľské |
| 100 | 1 | |a Lacková, Alica | |